000
00287nam a22001337a 4500
008
180302b xxu||||| |||| 00| 0 eng d
020
_a
9780787228811
041
_a
eng
080
_a
37
100
_a
25
101
_a
edu
245
_a
improving reading
_c
johns.j.l
942
_2
udc
_c
BK
999
_c
43946
_d
43946